000 00925nam a22002777a 4500
999 _c66116
_d66116
005 20220728155133.0
010 _aENG-105203 B-489240-252
020 _a9781259005619
_c525.00
020 _a1259005615
_c525.00
035 _aEN-88736 B-489240-252
037 _bDBAD/PUB
037 _bKBD/Ven
082 _a616.0019
100 _aTaylor, Shelley E.
245 _aHealth psychology /
_cby Shelley E. Taylor.
250 _a7th ed
260 _aNew Delhi
_bTata McGraw Hill
_c2012
270 _a7, West Patel Nagar
_bNew Delhi
_e110008
300 _axvi,552p. :
_c26cm(pbk)
_bill.
500 _aIncludes bibliographical references and index
650 _aClinical health psychology.
650 _aMedicine, Psychosomatic
650 _aPSYCHOLOGY / General
942 _2ddc
_cEN
_h616.0019
_mTAY